000 00735ngm a22002770a 4500
001 PT36948
003 AR-LpoUNG
005 20210201232327.0
007 co ||u|||uuuuu
008 191001s2005||||xxu|||||||||||||||||eng d
020 _a9780194574907
_c$20.55
040 _aAR-LpoUNG
_bspa
_cAR-LpoUNG
_eaacr
041 _aeng
044 _axxu
082 0 _a421.52 143stu
100 1 _aMacfarlane, Mike
245 1 0 _aInternational express :
_bstudent's cd intermediate
260 _aOxford :
_bOxford University,
_c2005.
650 4 _aAPRENDIZAJE
650 4 _aENSEƑANZA DE IDIOMAS
650 4 _aGRAMATICA
650 4 _aLENGUA INGLESA
651 4 _aDOCUMENTOS TEORICOS O METODOLOGICOS
905 _a36948
942 _cCDDVD
999 _c53358
_d53358